Biología marina, pesca y aprovechamiento de los seres marinos

Saved in:
Bibliografiske detaljer
Hovedforfatter: Lozano Cabo, Fernando (autor)
Format: Bog
Sprog:spansk
Udgivet: Madrid Texto 1959
Fag:
Tags: Tilføj Tag
Ingen Tags, Vær først til at tagge denne postø!

MARC

LEADER 00000nam a2200000 a 4500
001 UCV4911
003 CL-VaPUC
008 901112e19590000SP |||||||||||||||||spa|d
082 0 4 |a 578.77  |b LOZ  |2 21 
100 |a Lozano Cabo, Fernando  |e autor  |9 299562 
245 1 0 |a Biología marina, pesca y aprovechamiento de los seres marinos 
300 |a 250 p 
942 |c BK 
945 |d 19901112 00:00:00 
260 |a Madrid  |b Texto  |c 1959 
650 0 |a Biología marina  |9 259965 
650 7 |a PRODUCTOS PESQUEROS  |2 CL-VaPUC  |9 259452 
583 |a last modification  |c 19901112 00:00:00  |k Rodrigo Vera 
999 |c 211542  |d 211540 
952 |0 0  |1 0  |2 ddc  |4 0  |6 578_770000000000000_LOZ_1959  |7 0  |8 CCM  |9 191134  |a BIBCUR  |b BIBCUR  |c PAC  |d 2019-11-14  |i 2587629  |o 578.77 LOZ 1959  |p 2587629  |r 2025-04-22  |w 2019-11-14  |y BK  |k CIM 
952 |0 0  |1 0  |2 ddc  |4 0  |6 578_770000000000000_LOZ_1959  |7 0  |8 CCM  |9 191135  |a BIBCUR  |b BIBCUR  |c PAC  |d 2019-11-14  |i 3031381  |o 578.77 LOZ 1959  |p 3031381  |r 2025-04-22  |w 2019-11-14  |y BK  |k CIM